|
|
|
|
| LEADER |
00000nam0a2200000 4500 |
| 001 |
269437 |
| 005 |
20231031224451.0 |
| 035 |
|
|
|a (RuTPU)RU\TPU\book\292614
|
| 090 |
|
|
|a 269437
|
| 100 |
|
|
|a 20140918d1991 m y0rusy50 ca
|
| 101 |
0 |
|
|a rus
|
| 102 |
|
|
|a RU
|
| 105 |
|
|
|a a z 000cb
|
| 200 |
1 |
|
|a Петербург Достоевского
|e очерк
|f В. С. Бирон
|g Н. Кофанов
|
| 210 |
|
|
|a Ленинград
|c Товарищество "Свеча"
|d 1991
|
| 215 |
|
|
|a 48 с.
|c грав.
|
| 600 |
|
1 |
|a Достоевский
|g Федор Михайлович
|f 1821-1881
|c русский писатель
|b Ф. М.
|2 stltpush
|3 (RuTPU)RU\TPU\pers\1038
|
| 610 |
1 |
|
|a литературоведение
|
| 610 |
1 |
|
|a русская литература
|
| 610 |
1 |
|
|a 19 век
|
| 610 |
1 |
|
|a русские писатели
|
| 610 |
1 |
|
|a Петербург
|
| 675 |
|
|
|a 8Р1(092)
|v 3
|
| 700 |
|
1 |
|a Бирон
|b В. С.
|g Вера Сергеевна
|4 070
|
| 702 |
|
1 |
|a Кофанов
|b Н.
|4 760
|
| 801 |
|
1 |
|a RU
|b 63413507
|c 20140918
|
| 801 |
|
2 |
|a RU
|b 63413507
|c 20151117
|g RCR
|
| 942 |
|
|
|c BK
|